| 000 | 00555nam a22001577a 4500 | ||
|---|---|---|---|
| 999 |
_c129836 _d129836 |
||
| 008 | 190919b ||||| |||| 00| 0 eng d | ||
| 082 | _2SPC. DT1.T50 M912 | ||
| 100 |
_aMojaki, Mosotho E. _948139 |
||
| 245 |
_aEducation as political obligation _ba closer look at its pragmaticism in the Republic of South Africa _cMojaki E. Mosotho |
||
| 260 |
_aHarare _bArrupe College _c2015 |
||
| 300 |
_aiii, 68p. ; _c31cm. |
||
| 500 | _aThesis | ||
| 650 |
_aEucation, South Africa _948140 |
||
| 650 |
_aEducation _xPolitical aspects _933981 |
||
| 942 |
_2lcc _cMONOGRAPH |
||